Score 0/18 Timer 10:00
0 Plays Today
Tidbit Answer % Correct
Largest CityKansas City
92%
State CapitalJefferson City
91.7%
Largest Metro AreaSt. Louis
90.1%
State AbbreviationMO
89.1%
State SloganShow-Me State
84.9%
State TreeFlowering Dogwood
70.7%
State BirdBluebird
69.2%
Governor of MissouriJay Nixon
65.5%
State SongMissouri Waltz
47.8%
Tidbit Answer % Correct
Junior SenatorClaire McCaskill
43.8%
State FishChannel Catfish
41.1%
Senior SenatorChristopher 'Kit' Bond
35.4%
State AnimalMissouri Mule
30.6%
Highest PointTaum Sauk Mountain
25.3%
State InsectHoney Bee
20.3%
State FlowerHawthorn
19.9%
State Mineralgalena
18%
State MottoLet the welfare of the people be the supreme law
10%
Remove Ads.
Support Sporcle.
Get the best of Sporcle when you Go Orange. This ad-free experience offers more features, more stats, and more fun while also helping to support Sporcle. Thank you for becoming a member.

You're not logged in!

Compare scores with friends on all Sporcle quizzes.
OR
Log In

Show Comments

Extras

Created Sep 24, 2009SourceReportNominate
Tags:missouri, tidbit

Top Quizzes Today


Score Distribution

Your Account Isn't Verified!

In order to create a playlist on Sporcle, you need to verify the email address you used during registration. Go to your Sporcle Settings to finish the process.

Report this User

Report this user for behavior that violates our Community Guidelines.

Details: